000 00886am a2200301a 44500
003 AR-BaBNM
005 20251128210224.0
008 209019s1998 #AR|||||||||||000 | esp||
020 _a950-550-242-7
040 _cAR-BaBNM
100 1 _aZabala, Horacio R.
245 1 0 _aTecnología para docentes
260 _aBuenos Aires
_bMagisterio del Río de la Plata
_c1998
300 _a174 p.
_bil., tablas
490 0 _aRespuestas educativas. Aula EGB. Primer ciclo
504 _aContiene bibliografía p. 171-174
650 4 _aDOCENTES
650 4 _aHERRAMIENTAS
650 4 _aMETODOS DE ENSEÑANZA
653 0 _aPRIMER CICLO DE LA EGB
653 _aENSEÑANZA DE LA TECNOLOGIA
653 _aEDUCACION GENERAL BASICA
653 _aCAPACITACION DOCENTE
653 _aESTRATEGIAS EDUCATIVAS
700 1 _aLedo de Albisu, Susana Estela
942 _cBK
998 _cRaquel
999 _c14568
_d14568